[Event "CZE-ch 2020"]
[Site "Pilsen"]
[Date "2020.08.29"]
[Round "7.1"]
[White "Stocek, Jiri"]
[Black "Laznicka, Viktor"]
[Result "1/2-1/2"]
[WhiteElo "2595"]
[BlackElo "2638"]
[Annotator "ChessBase"]
[PlyCount "81"]
[EventDate "2020.08.23"]
[EventType "swiss"]
[EventCountry "CZE"]
[SourceTitle "playchess.com"]
[Source "ChessBase"]
[SourceQuality "1"]
[TimeControl "40/5400+30:1800+30"]

1. d4 {[%emt 0:00:00]} f5 {[%emt 0:02:54]} 2. c4 {[%emt 0:01:48]} Nf6 {[%emt 0:00:05]} 3. Nc3 {[%emt 0:00:13]} d6 {[%emt 0:00:03]} 4. Bg5 {[%emt 0:02:50]} Nbd7 {[%emt 0:01:03]} 5. Qc2 {[%emt 0:03:38]} g6 {[%emt 0:02:14]} 6. O-O-O {[%emt 0:01:25]} c6 {[%emt 0:02:36]} 7. f3 {[%emt 0:10:24]} Qa5 {[%emt 0:12:02]} 8. e4 {[%emt 0:08:17]} fxe4 {[%emt 0:00:17]} 9. Bd2 {[%emt 0:00:14]} Qb6 {[%emt 0:06:24]} 10. Na4 {[%emt 0:12:42]} Qc7 {[%emt 0:21:15]} 11. fxe4 {[%emt 0:01:05]} Ng4 {[%emt 0:00:41]} 12. Nh3 {[%emt 0:01:30]} Bg7 {[%emt 0:00:36]} 13. Be2 {[%emt 0:05:20]} Nb6 {[%emt 0:00:05]} 14. c5 {[%emt 0:11:16]} Nxa4 {[%emt 0:10:37]} 15. Qxa4 {[%emt 0:00:53]} b5 {[%emt 0:21:23]} 16. Qa3 {[%emt 0:04:25]} dxc5 {[%emt 0:00:50]} 17. Ba5 {[%emt 0:17:55]} b4 {[%emt 0:04:39]} 18. Qa4 {[%emt 0:00:05]} Qd6 {[%emt 0:01:39]} 19. dxc5 {[%emt 0:00:46]} Qxc5+ {[%emt 0:00:46]} 20. Kb1 {[%emt 0:00:07]} O-O {[%emt 0:01:05]} 21. Bxb4 {[%emt 0:01:27]} Qb6 {[%emt 0:00:02]} 22. Qb3+ {[%emt 0:02:48]} Kh8 {[%emt 0:00:17]} 23. Bxe7 {[%emt 0:01:23]} Qxb3 {[%emt 0:00:31]} 24. axb3 {[%emt 0:00:06]} Re8 {[%emt 0:00:03]} 25. Bc5 {[%emt 0:01:06]} Nf6 {[%emt 0:04:09]} 26. Ng5 {[%emt 0:02:20]} Nxe4 {[%emt 0:00:31]} 27. Nxe4 {[%emt 0:00:27]} Bf5 {[%emt 0:00:04]} 28. Bd3 {[%emt 0:00:40]} Bxe4 {[%emt 0:00:09]} 29. Bxe4 {[%emt 0:00:17]} Rxe4 {[%emt 0:00:05]} 30. Rhe1 {[%emt 0:00:25]} Re5 {[%emt 0:05:45]} 31. Rxe5 {[%emt 0:02:52]} Bxe5 {[%emt 0:00:01]} 32. Rd7 {[%emt 0:01:45]} a5 {[%emt 0:02:29]} 33. Re7 {[%emt 0:02:12]} Bg7 {[%emt 0:00:27]} 34. h3 {[%emt 0:01:02]} Kg8 {[%emt 0:00:05]} 35. Re6 {[%emt 0:00:58]} Rc8 {[%emt 0:00:50]} 36. Kc2 {[%emt 0:00:13]} Bf8 {[%emt 0:00:31]} 37. Bb6 {[%emt 0:00:45]} Bb4 {[%emt 0:00:19]} 38. Bd4 {[%emt 0:01:03]} Kf7 {[%emt 0:00:10]} 39. Re4 {[%emt 0:00:45]} Re8 {[%emt 0:01:14]} 40. Rxe8 {[%emt 0:00:45]} Kxe8 {[%emt 0:00:01]} 41. Kd3 {[%emt 0:03:04]} 1/2-1/2

[Event "CZE-ch 2020"]
[Site "Pilsen"]
[Date "2020.08.29"]
[Round "7.2"]
[White "Navara, David"]
[Black "Michalik, Peter"]
[Result "1-0"]
[WhiteElo "2719"]
[BlackElo "2593"]
[Annotator "TA"]
[PlyCount "69"]
[EventDate "2020.08.23"]
[EventType "swiss"]
[EventCountry "CZE"]
[SourceTitle "playchess.com"]
[Source "ChessBase"]
[SourceQuality "1"]

{[%evp 11,69,10,15,21,25,28,26,10,20,18,16,14,5,0,0,-10,-4,-6,28,30,36,35,64,41,23,24,52,65,68,63,87,77,53,13,346,303,311,302,385,392,392,385,391,391,389,389,373,367,357,311,468,460,1100,753,5310,5114,1398,646,1681,1670]} 1. d4 Nf6 2. c4 e6 3. Nc3 Bb4 4. Nf3 d5 5. Qa4+ Nc6 6. e3 O-O 7. Qc2 $1 {[%mdl 4] is now more promising than 7.Bd2. D38: Queen's Gambit Declined: Ragozin Defence (4 Nf3 Bb4).} a6 8. Bd2 Bd6 9. a3 {White has an edge.} dxc4 10. Bxc4 e5 11. d5 Ne7 12. h3 b5 13. Ba2 Bb7 {[%cal Re7d5]} 14. e4 {[#]} b4 $146 ({Predecessor:} 14... Qe8 15. Rd1 Kh8 16. Bg5 Nh5 17. O-O f6 18. Be3 g5 19. Ne2 Bc8 20. Nh2 Nf4 {0-1 (59) Papin,V (2455)-Sulashvili,M (2495) Lvov 2008}) 15. axb4 c6 {[%cal Rc6d5]} 16. Bg5 cxd5 17. Bxf6 gxf6 18. exd5 Rc8 19. O-O Bxb4 20. Rfd1 Ng6 21. h4 $40 {[%mdl 128] White has strong attack.} h5 22. Bb1 Re8 $2 {[%mdl 8192] [#] Now Black is done in.} (22... a5 $11 {and Black stays safe.}) 23. Qb3 $1 $18 Bxc3 24. Bxg6 (24. Qxb7 Rb8 $14) (24. bxc3 Qd7 $16) 24... fxg6 25. d6+ ({Not} 25. bxc3 Re7 $16) (25. Qxb7 Rb8 $16) 25... Kh8 {Threatens to win with ...Bxf3.} 26. Qxb7 Rb8 27. Qf7 Bxb2 28. Rxa6 {[#] White wants to mate with Ra7.} Rf8 29. Qxg6 Qd7 30. Qxh5+ Kg7 (30... Qh7 {was necessary.} 31. Qxh7+ Kxh7) 31. Nh2 {aiming for Rd3.White is clearly winning.} Bd4 (31... e4 $142 32. g3 (32. Ng4 Rh8 $17) 32... Rb5) 32. Rd3 {Intending Rg3+ and mate.} ({Weaker is} 32. Ng4 Rh8 $16) 32... Rg8 33. Rg3+ Kf8 34. Rxg8+ Kxg8 35. Ng4 {Accuracy: White = 89%, Black = 55%.} 1-0

[Event "CZE-ch 2020"]
[Site "Pilsen"]
[Date "2020.08.29"]
[Round "7.3"]
[White "Polak, Tomas"]
[Black "Nguyen, Thai Dai Van"]
[Result "1/2-1/2"]
[WhiteElo "2563"]
[BlackElo "2569"]
[Annotator "ChessBase"]
[PlyCount "62"]
[EventDate "2020.08.23"]
[EventType "swiss"]
[EventCountry "CZE"]
[SourceTitle "playchess.com"]
[Source "ChessBase"]
[SourceQuality "1"]
[TimeControl "40/5400+30:1800+30"]

1. d4 {[%emt 0:00:00]} Nf6 {[%emt 0:01:06]} 2. c4 {[%emt 0:00:00]} g6 {[%emt 0:00:12]} 3. Nc3 {[%emt 0:00:36]} d5 {[%emt 0:00:11]} 4. cxd5 {[%emt 0:04:28]} Nxd5 {[%emt 0:00:08]} 5. e4 {[%emt 0:00:11]} Nxc3 {[%emt 0:00:08]} 6. bxc3 {[%emt 0:00:02]} Bg7 {[%emt 0:00:10]} 7. Be3 {[%emt 0:00:45]} c5 {[%emt 0:00:20]} 8. Qd2 {[%emt 0:00:11]} Qa5 {[%emt 0:05:56]} 9. Rc1 {[%emt 0:05:45]} cxd4 {[%emt 0:00:39]} 10. cxd4 {[%emt 0:00:07]} Qxd2+ {[%emt 0:00:03]} 11. Kxd2 {[%emt 0:00:06]} O-O {[%emt 0:00:46]} 12. Bb5 {[%emt 0:13:48]} Nc6 {[%emt 0:24:32]} 13. Ne2 {[%emt 0:19:19]} Rd8 {[%emt 0:00:08]} 14. Bxc6 {[%emt 0:02:49]} bxc6 {[%emt 0:00:05]} 15. Rhd1 {[%emt 0:00:28]} f5 {[%emt 0:02:25]} 16. Ke1 {[%emt 0:07:13]} fxe4 {[%emt 0:04:27]} 17. Rxc6 {[%emt 0:00:35]} Rb8 {[%emt 0:00:48]} 18. Rc7 {[%emt 0:05:57]} Bg4 {[%emt 0:12:09]} 19. h3 {[%emt 0:16:56]} Rd7 {[%emt 0:06:20]} 20. Rc6 {[%emt 0:00:44]} Bxe2 {[%emt 0:00:51]} 21. Kxe2 {[%emt 0:00:03]} Rb2+ {[%emt 0:00:40]} 22. Rd2 {[%emt 0:00:29]} Rxd2+ {[%emt 0:00:59]} 23. Kxd2 {[%emt 0:00:23]} Bxd4 {[%emt 0:00:20]} 24. Re6 {[%emt 0:01:15]} Bxe3+ {[%emt 0:08:22]} 25. Kxe3 {[%emt 0:00:14]} Rd3+ {[%emt 0:00:14]} 26. Kxe4 {[%emt 0:00:29]} Rd2 {[%emt 0:00:06]} 27. Kf3 {[%emt 0:01:48]} Rxa2 {[%emt 0:00:11]} 28. Rxe7 {[%emt 0:00:05]} Ra3+ {[%emt 0:00:18]} 29. Kg4 {[%emt 0:00:34]} Ra2 {[%emt 0:00:07]} 30. Kg3 {[%emt 0:00:16]} Ra3+ {[%emt 0:00:07]} 31. Kg4 {[%emt 0:03:04]} Ra2 {[%emt 0:00:06]} 1/2-1/2

[Event "CZE-ch 2020"]
[Site "Pilsen"]
[Date "2020.08.29"]
[Round "7.4"]
[White "Hracek, Zbynek"]
[Black "Sorm, Daniel"]
[Result "1-0"]
[WhiteElo "2563"]
[BlackElo "2343"]
[Annotator "ChessBase"]
[PlyCount "61"]
[EventDate "2020.08.23"]
[EventType "swiss"]
[EventCountry "CZE"]
[SourceTitle "playchess.com"]
[Source "ChessBase"]
[SourceQuality "1"]
[TimeControl "40/5400+30:1800+30"]

1. e4 {[%emt 0:00:00]} c6 {[%emt 0:00:00]} 2. d4 {[%emt 0:00:00]} d5 {[%emt 0:00:00]} 3. e5 {[%emt 0:00:00]} Bf5 {[%emt 0:00:00]} 4. h4 {[%emt 0:00:00]} h5 {[%emt 0:00:00]} 5. c4 {[%emt 0:00:00]} e6 {[%emt 0:01:37]} 6. Nc3 {[%emt 0:00:00]} dxc4 {[%emt 0:16:45]} 7. Bxc4 {[%emt 0:01:45]} Nd7 {[%emt 0:00:45]} 8. Nge2 {[%emt 0:01:13]} Nb6 {[%emt 0:00:37]} 9. Bb3 {[%emt 0:07:13]} Ne7 {[%emt 0:05:43]} 10. Bg5 {[%emt 0:05:51]} Qd7 {[%emt 0:01:29]} 11. O-O {[%emt 0:02:31]} Ned5 {[%emt 0:02:41]} 12. Ng3 {[%emt 0:01:47]} Bg6 {[%emt 0:00:52]} 13. Nce4 {[%emt 0:05:51]} Be7 {[%emt 0:04:51]} 14. Re1 {[%emt 0:21:09]} Bxg5 {[%emt 0:10:58]} 15. Nxg5 {[%emt 0:08:54]} Ne7 {[%emt 0:08:58]} 16. Bc2 {[%emt 0:09:51]} O-O-O {[%emt 0:25:02]} 17. Bxg6 {[%emt 0:06:08]} Nxg6 {[%emt 0:00:06]} 18. N3e4 {[%emt 0:00:34]} Kb8 {[%emt 0:00:45]} 19. Nd6 {[%emt 0:01:18]} Rdf8 {[%emt 0:00:22]} 20. g3 {[%emt 0:06:46]} Nc8 {[%emt 0:00:34]} 21. Nge4 {[%emt 0:04:34]} Qc7 {[%emt 0:01:46]} 22. Re3 {[%emt 0:01:57]} Rd8 {[%emt 0:02:01]} 23. Rb3 {[%emt 0:00:22]} b6 {[%emt 0:02:30]} 24. Rc1 {[%emt 0:01:02]} f5 {[%emt 0:04:11]} 25. Nc5 {[%emt 0:01:43]} Qe7 {[%emt 0:00:08]} 26. Na6+ {[%emt 0:02:16]} Ka8 {[%emt 0:00:05]} 27. Rxc6 {[%emt 0:00:51]} Nxd6 {[%emt 0:02:57]} 28. exd6 {[%emt 0:00:02]} Qb7 {[%emt 0:02:52]} 29. Rc7 {[%emt 0:00:48]} Qd5 {[%emt 0:01:29]} 30. Rxg7 {[%emt 0:00:24]} Qg2+ {[%emt 0:01:18]} 31. Kxg2 1-0

[Event "CZE-ch 2020"]
[Site "Pilsen"]
[Date "2020.08.29"]
[Round "7.5"]
[White "Malinovsky, Karel"]
[Black "Orsag, Milan"]
[Result "1-0"]
[WhiteElo "2474"]
[BlackElo "2300"]
[Annotator "ChessBase"]
[PlyCount "57"]
[EventDate "2020.08.23"]
[EventType "swiss"]
[EventCountry "CZE"]
[SourceTitle "playchess.com"]
[Source "ChessBase"]
[SourceQuality "1"]
[TimeControl "40/5400+30:1800+30"]

1. e4 {[%emt 0:00:00]} c5 {[%emt 0:00:00]} 2. Nf3 {[%emt 0:00:00]} e6 {[%emt 0:00:00]} 3. d4 {[%emt 0:00:00]} cxd4 {[%emt 0:00:00]} 4. Nxd4 {[%emt 0:00:00]} Nc6 {[%emt 0:00:12]} 5. Nc3 {[%emt 0:00:03]} a6 {[%emt 0:00:27]} 6. g3 {[%emt 0:01:24]} d6 {[%emt 0:05:08]} 7. Bg2 {[%emt 0:00:47]} Bd7 {[%emt 0:01:09]} 8. O-O {[%emt 0:01:19]} Nf6 {[%emt 0:03:13]} 9. Nb3 {[%emt 0:03:04]} b5 {[%emt 0:08:03]} 10. a3 {[%emt 0:01:14]} Rc8 {[%emt 0:03:18]} 11. f4 {[%emt 0:00:57]} h5 {[%emt 0:11:08]} 12. Qe2 {[%emt 0:08:26]} Qc7 {[%emt 0:00:47]} 13. Bd2 {[%emt 0:02:09]} Be7 {[%emt 0:01:49]} 14. h3 {[%emt 0:09:32]} Qa7+ {[%emt 0:10:22]} 15. Be3 {[%emt 0:07:54]} Qb8 {[%emt 0:01:18]} 16. Rfe1 {[%emt 0:06:52]} O-O {[%emt 0:01:59]} 17. Bf2 {[%emt 0:03:22]} b4 {[%emt 0:13:43]} 18. axb4 {[%emt 0:07:11]} Nxb4 {[%emt 0:00:31]} 19. e5 {[%emt 0:00:45]} dxe5 {[%emt 0:06:01]} 20. fxe5 {[%emt 0:00:07]} Nfd5 {[%emt 0:00:44]} 21. Nxd5 {[%emt 0:01:31]} Nxd5 {[%emt 0:01:00]} 22. Qxh5 {[%emt 0:06:11]} g6 {[%emt 0:00:13]} 23. Qg4 {[%emt 0:05:03]} Rfd8 {[%emt 0:03:55]} 24. Bxd5 {[%emt 0:03:52]} exd5 {[%emt 0:00:09]} 25. e6 {[%emt 0:00:22]} Rc4 {[%emt 0:05:19]} 26. Bd4 {[%emt 0:05:19]} Rxd4 {[%emt 0:14:54]} 27. Nxd4 {[%emt 0:01:49]} Bc8 {[%emt 0:00:07]} 28. exf7+ {[%emt 0:01:49]} Kxf7 {[%emt 0:00:07]} 29. Rxe7+ {[%emt 0:00:22]} 1-0

[Event "CZE-ch 2020"]
[Site "Pilsen"]
[Date "2020.08.29"]
[Round "7.6"]
[White "Babula, Vlastimil"]
[Black "Mladek, Richard"]
[Result "1-0"]
[WhiteElo "2571"]
[BlackElo "2280"]
[Annotator "TA"]
[PlyCount "105"]
[EventDate "2020.08.23"]
[EventType "swiss"]
[EventCountry "CZE"]
[SourceTitle "playchess.com"]
[Source "ChessBase"]
[SourceQuality "1"]

{[%evp 19,105,62,85,75,82,66,75,73,71,71,81,79,81,79,81,70,75,70,79,60,111,112,131,126,128,128,147,117,113,110,120,125,147,151,154,152,156,148,179,195,189,205,206,210,196,218,164,156,198,156,156,156,156,156,158,157,173,156,164,127,164,149,156,149,260,157,228,156,291,168,331,168,168,164,223,197,199,164,193,187,185,171,236,166,165,168,428,399]} 1. d4 Nf6 2. c4 g6 3. Nc3 Bg7 4. e4 d6 5. Nf3 O-O 6. Be2 c5 7. O-O Nc6 8. d5 Na5 9. Bg5 h6 10. Bd2 e5 11. Qc1 $5 {[%mdl 4] A promising side line. E91: King's Indian: Classical: 6 Be2, unusual replies including 6...c5 and 6...Bg4.} Kh7 {[#]} 12. g3 $146 ({Predecessor:} 12. Nh4 Ng8 13. g3 Bh3 14. Ng2 b6 15. f3 h5 16. Nd1 Bh6 17. Nf2 Bxd2 18. Qxd2 Bxg2 19. Kxg2 {1-0 (36) Llanos,G (2386)-De Dovitiis,A (2356) Buenos Aires 2004}) 12... Bh3 13. Re1 {White is better.} b6 14. Nh4 Ne8 15. Bd3 a6 16. b3 Bd7 17. Qc2 Rb8 18. a4 Nb7 19. Kh1 a5 ({Better is} 19... h5 $14) 20. Rf1 $16 Qe7 21. Rae1 Bh3 22. Ng2 Nc7 23. f3 Na6 24. Qc1 Nb4 25. Bb1 Rh8 26. Nd1 Kg8 27. Nf2 Bxg2+ 28. Kxg2 Kf8 29. f4 Ke8 30. fxe5 dxe5 {[#]} 31. Ng4 $1 f6 32. Bxh6 Bxh6 33. Nxh6 Kd7 34. Ng4 Rbf8 35. Rf3 {Hoping for Ref1.} Nd6 36. h4 Rh5 37. Ref1 Ne8 38. Qb2 Qd6 39. Kf2 Ke7 40. Ke1 Qd7 41. Ne3 Qd6 (41... Kd8 $16 42. Qe2 Rh7) 42. Qd2 Rh7 (42... Kd8 $16 43. Ng4 Rh7) 43. Kd1 Rh5 (43... Kd8 $16 {keeps fighting.} 44. R3f2 Qe7) 44. Kc1 (44. g4 $142 Rxh4 {[#]} 45. g5 $1 {[%mdl 512]}) 44... Rh7 $2 (44... Kd8 45. R3f2 Rh7) 45. Ng4 (45. g4 $142) 45... Rh5 46. R3f2 Rh7 (46... Kd7 {was called for.} 47. Rf3 Kd8) 47. Nh2 Qd7 48. Qe2 Qh3 49. Qf3 Qd7 50. Ng4 {Nxe5! is the strong threat.} Qd6 (50... Rhh8 {was worth a try.} 51. Qd1 Qd6) 51. Qe2 Rh5 52. Ne3 Ng7 $2 (52... Kd8 53. Qg4 Rhh8) 53. Qg4 {Accuracy: White = 70%, Black = 63%.} 1-0

[Event "CZE-ch 2020"]
[Site "Pilsen"]
[Date "2020.08.29"]
[Round "7.7"]
[White "Simacek, Pavel"]
[Black "Gnojek, Petr"]
[Result "1-0"]
[WhiteElo "2474"]
[BlackElo "2225"]
[Annotator "TA"]
[PlyCount "99"]
[EventDate "2020.08.23"]
[EventType "swiss"]
[EventCountry "CZE"]
[SourceTitle "playchess.com"]
[Source "ChessBase"]
[SourceQuality "1"]

{[%evp 10,99,36,4,22,40,30,4,46,46,63,46,58,47,95,83,92,51,69,64,106,89,103,95,110,91,223,191,406,419,397,407,374,380,311,215,215,215,215,206,206,122,208,207,284,281,289,309,296,299,275,287,258,260,236,160,580,577,549,540,520,508,557,537,597,572,762,833,675,584,1689,1389,1675,1654,6528,4216,2617,0,5618,3509,2413,1822,2982,1331,6532,4134,5189,4564,5085,3235,29980,29981]} 1. d4 d6 2. c4 f5 3. Nf3 Nf6 4. Nc3 g6 5. e3 Bg7 6. Bd3 c6 {A85: Dutch Defence: 2 c4 Nf6 3 Nc3.} 7. O-O O-O 8. Re1 Qc7 {The position is equal.} (8... e5 $5 9. dxe5 dxe5 $14) 9. e4 fxe4 10. Nxe4 Nxe4 11. Bxe4 e5 12. dxe5 dxe5 {[#]} 13. Bd2 $146 ({Predecessor:} 13. Qe2) 13... Na6 14. b4 Bf5 {Black is on the road to losing.} 15. Bc3 Rad8 16. Qb3 Qe7 17. c5+ Kh8 (17... Qe6 $16) 18. Nxe5 {Bxf5 is the strong threat.} Bxe5 $2 {[#]} (18... Be6 {keeps fighting.} 19. Qb2 Kg8) 19. Bxf5 $1 $18 Rxf5 20. Rxe5 Rxe5 {[#]} 21. Re1 $1 {[%mdl 576] Pin} Rdd5 22. Qxd5 ({Weaker is} 22. Rxe5 Rxe5 23. f4 h5 $18) 22... cxd5 23. Rxe5 Qf8 {Threatens to win with ...d4!} 24. Re8+ Kg8 25. Rxf8+ Kxf8 {[%mdl 4096] Endgame KB-KN} 26. a3 Nb8 27. b5 Nd7 {[#]} 28. Bd4 $1 {Strongly threatening c6.} Ke7 29. f4 Nf8 {intending ...Ne6.} 30. Kf2 Ne6 31. Ke3 h5 32. g3 Nd8 $2 (32... Kd7 $16 {is tougher.} 33. a4 a6) 33. h3 Nf7 34. Be5 Nh6 35. Kf3 Ke6 36. g4 hxg4+ 37. hxg4 Nf7 38. Bb8 a6 39. bxa6 bxa6 40. c6 Nh6 41. Be5 Nf7 42. Ke3 Nh6 43. Kf3 (43. Kd4 $142 Nxg4 44. Kc5) 43... Nf7 44. a4 Nh6 45. Ke3 Nxg4+ 46. Kd4 Nh6 47. Kc5 Nf5 48. Kb6 Ne7 49. Bd4 a5 50. Bc5 {Accuracy: White = 81%, Black = 49%.} 1-0

[Event "CZE-ch 2020"]
[Site "Pilsen"]
[Date "2020.08.29"]
[Round "7.8"]
[White "Havelka, Josef"]
[Black "Brejnik, Gustav"]
[Result "1/2-1/2"]
[WhiteElo "2367"]
[BlackElo "2265"]
[Annotator "ChessBase"]
[PlyCount "146"]
[EventDate "2020.08.23"]
[EventType "swiss"]
[EventCountry "CZE"]
[SourceTitle "playchess.com"]
[Source "ChessBase"]
[SourceQuality "1"]
[TimeControl "40/5400+30:1800+30"]

1. e4 {[%emt 0:00:00]} e5 {[%emt 0:00:00]} 2. Nf3 {[%emt 0:00:16]} Nc6 {[%emt 0:00:00]} 3. Bb5 {[%emt 0:06:04]} a6 {[%emt 0:00:00]} 4. Ba4 {[%emt 0:00:11]} Nf6 {[%emt 0:00:00]} 5. O-O {[%emt 0:02:29]} Be7 {[%emt 0:00:25]} 6. Re1 {[%emt 0:01:24]} b5 {[%emt 0:00:05]} 7. Bb3 {[%emt 0:00:03]} O-O {[%emt 0:00:07]} 8. c3 {[%emt 0:03:33]} d5 {[%emt 0:00:07]} 9. exd5 {[%emt 0:05:09]} Nxd5 {[%emt 0:00:13]} 10. Nxe5 {[%emt 0:04:18]} Nxe5 {[%emt 0:00:04]} 11. Rxe5 {[%emt 0:00:04]} c6 {[%emt 0:00:02]} 12. Bxd5 {[%emt 0:03:36]} cxd5 {[%emt 0:00:06]} 13. d3 {[%emt 0:00:42]} Bd6 {[%emt 0:00:28]} 14. Re1 {[%emt 0:00:22]} Qh4 {[%emt 0:31:08]} 15. g3 {[%emt 0:03:10]} Qh3 {[%emt 0:00:01]} 16. Qf3 {[%emt 0:26:10]} Bg4 {[%emt 0:00:05]} 17. Qg2 {[%emt 0:00:15]} Qh5 {[%emt 0:00:03]} 18. f4 {[%emt 0:02:19]} Rae8 {[%emt 0:08:08]} 19. Be3 {[%emt 0:01:04]} Qf5 {[%emt 0:23:48]} 20. Nd2 {[%emt 0:07:31]} Qxd3 {[%emt 0:00:10]} 21. Bd4 {[%emt 0:00:49]} Be2 {[%emt 0:03:16]} 22. Nb3 {[%emt 0:03:10]} Bf3 {[%emt 0:01:03]} 23. Qf2 {[%emt 0:00:50]} Be4 {[%emt 0:01:04]} 24. Nc5 {[%emt 0:03:58]} Qf3 {[%emt 0:01:02]} 25. Nxe4 {[%emt 0:03:30]} dxe4 {[%emt 0:00:06]} 26. Qxf3 {[%emt 0:00:07]} exf3 {[%emt 0:00:00]} 27. Kf2 {[%emt 0:00:11]} Re2+ {[%emt 0:14:37]} 28. Rxe2 {[%emt 0:00:08]} fxe2 {[%emt 0:00:01]} 29. Kxe2 {[%emt 0:00:08]} Re8+ {[%emt 0:00:20]} 30. Kf3 {[%emt 0:13:12]} f5 {[%emt 0:00:01]} 31. Rd1 {[%emt 0:01:50]} Re6 {[%emt 0:00:49]} 32. Be3 {[%emt 0:03:09]} Kf7 {[%emt 0:01:33]} 33. Rd5 {[%emt 0:01:48]} g6 {[%emt 0:00:01]} 34. a4 {[%emt 0:01:30]} bxa4 {[%emt 0:00:41]} 35. Ra5 {[%emt 0:00:18]} Bc7 {[%emt 0:06:22]} 36. Rxa4 {[%emt 0:00:07]} Ke7 {[%emt 0:00:19]} 37. Bd4 {[%emt 0:01:32]} Kd7 {[%emt 0:01:48]} 38. Be5 {[%emt 0:00:51]} Bxe5 {[%emt 0:03:47]} 39. fxe5 {[%emt 0:00:05]} Rb6 {[%emt 0:00:11]} 40. b4 {[%emt 0:02:41]} Ke6 {[%emt 0:02:48]} 41. Ke3 {[%emt 0:03:35]} Kxe5 {[%emt 0:00:51]} 42. Ra5+ {[%emt 0:00:23]} Ke6 {[%emt 0:03:31]} 43. Kd4 {[%emt 0:04:46]} Rd6+ {[%emt 0:19:25]} 44. Kc4 {[%emt 0:00:08]} h6 {[%emt 0:02:28]} 45. Kb3 {[%emt 0:08:05]} g5 {[%emt 0:00:14]} 46. c4 {[%emt 0:00:07]} f4 {[%emt 0:01:24]} 47. gxf4 {[%emt 0:00:12]} gxf4 {[%emt 0:00:01]} 48. c5 {[%emt 0:00:14]} Rc6 {[%emt 0:00:25]} 49. Kc4 {[%emt 0:02:06]} Ke5 {[%emt 0:01:11]} 50. Ra1 {[%emt 0:05:43]} f3 {[%emt 0:01:25]} 51. b5 {[%emt 0:01:49]} axb5+ {[%emt 0:00:06]} 52. Kxb5 {[%emt 0:00:04]} Rc8 {[%emt 0:00:52]} 53. c6 {[%emt 0:01:02]} Kf4 {[%emt 0:02:08]} 54. Kb6 {[%emt 0:02:26]} f2 {[%emt 0:00:09]} 55. Kb7 {[%emt 0:02:01]} Re8 {[%emt 0:00:10]} 56. c7 {[%emt 0:01:46]} Kf3 {[%emt 0:00:05]} 57. c8=Q {[%emt 0:01:35]} Rxc8 {[%emt 0:00:02]} 58. Kxc8 {[%emt 0:00:08]} Kg2 {[%emt 0:00:08]} 59. h4 {[%emt 0:01:42]} f1=Q {[%emt 0:00:22]} 60. Rxf1 {[%emt 0:00:13]} Kxf1 {[%emt 0:00:07]} 61. Kd7 {[%emt 0:00:39]} Kg2 {[%emt 0:00:17]} 62. Ke6 {[%emt 0:00:18]} Kh3 {[%emt 0:00:09]} 63. Kf5 {[%emt 0:01:16]} Kxh4 {[%emt 0:00:02]} 64. Kf4 {[%emt 0:00:06]} Kh3 {[%emt 0:00:06]} 65. Kf3 {[%emt 0:00:04]} h5 {[%emt 0:00:08]} 66. Kf2 {[%emt 0:00:10]} Kh2 {[%emt 0:00:03]} 67. Kf1 {[%emt 0:00:18]} h4 {[%emt 0:00:04]} 68. Kf2 {[%emt 0:00:03]} Kh1 {[%emt 0:00:18]} 69. Kf1 {[%emt 0:00:11]} Kh2 {[%emt 0:00:06]} 70. Kf2 {[%emt 0:00:03]} h3 {[%emt 0:00:04]} 71. Kf1 {[%emt 0:00:03]} Kg3 {[%emt 0:00:18]} 72. Kg1 {[%emt 0:00:03]} h2+ {[%emt 0:00:07]} 73. Kh1 {[%emt 0:00:03]} Kh3 1/2-1/2

[Event "CZE-ch 2020"]
[Site "Pilsen"]
[Date "2020.08.29"]
[Round "7.9"]
[White "Kozusek, Daniel"]
[Black "Hollan, Martin"]
[Result "1/2-1/2"]
[WhiteElo "2307"]
[BlackElo "2346"]
[Annotator "NA"]
[PlyCount "73"]
[EventDate "2020.08.23"]
[EventType "swiss"]
[EventCountry "CZE"]
[SourceTitle "playchess.com"]
[Source "ChessBase"]
[SourceQuality "1"]
[TimeControl "40/5400+30:1800+30"]

1. d4 {[%emt 0:00:00]} Nf6 {[%emt 0:00:00]} 2. Bg5 {[%emt 0:00:00]} e6 {[%emt 0:00:00]} 3. e4 {[%emt 0:00:00]} h6 {[%emt 0:00:00]} 4. Bxf6 {[%emt 0:00:01]} Qxf6 {[%emt 0:00:00]} 5. c3 {[%emt 0:00:05]} d6 {[%emt 0:02:51]} 6. Bd3 {[%emt 0:01:24]} g6 {[%emt 0:00:41]} 7. Ne2 {[%emt 0:00:39]} Bg7 {[%emt 0:00:44]} 8. O-O {[%emt 0:00:34]} e5 {[%emt 0:00:05]} 9. f4 {[%emt 0:01:01]} Qe7 {[%emt 0:00:08]} 10. f5 {[%emt 0:04:30]} gxf5 {[%emt 0:01:47]} 11. exf5 {[%emt 0:00:30]} Nd7 {[%emt 0:02:09]} 12. Ng3 {[%emt 0:10:21]} Nf6 {[%emt 0:00:27]} 13. Qf3 {[%emt 0:06:18]} (13. Nd2 $14) 13... Bd7 {[%emt 0:05:07]} 14. Qxb7 {[%emt 0:03:49]} O-O {[%emt 0:00:14]} 15. Nd2 {[%emt 0:02:32]} Rab8 {[%emt 0:03:11]} 16. Qf3 $11 {[%emt 0:00:19]} exd4 {[%emt 0:20:10]} 17. Rae1 {[%emt 0:06:06]} Qd8 {[%emt 0:00:10]} 18. cxd4 {[%emt 0:00:35]} Rxb2 {[%emt 0:01:45]} 19. Nde4 {[%emt 0:02:06]} d5 {[%emt 0:10:49]} 20. Nxf6+ {[%emt 0:19:04]} Bxf6 {[%emt 0:01:40]} 21. Kh1 {[%emt 0:00:43]} Bb5 {[%emt 0:07:30]} 22. Bxb5 {[%emt 0:02:13]} Rxb5 {[%emt 0:00:10]} 23. Nh5 {[%emt 0:00:31]} Rb4 {[%emt 0:14:01]} 24. Qxd5 {[%emt 0:07:23]} Rxd4 {[%emt 0:00:41]} 25. Qc5 {[%emt 0:02:43]} Qd6 {[%emt 0:06:33]} 26. Nxf6+ {[%emt 0:01:41]} Qxf6 {[%emt 0:00:31]} 27. Qxa7 {[%emt 0:01:22]} Rd2 {[%emt 0:02:32]} 28. Qxc7 {[%emt 0:07:53]} Rxa2 {[%emt 0:01:06]} 29. Qe5 {[%emt 0:02:53]} Qxe5 {[%emt 0:00:21]} 30. Rxe5 {[%emt 0:00:07]} Rfa8 {[%emt 0:00:04]} 31. h3 {[%emt 0:01:56]} Ra1 {[%emt 0:00:20]} 32. Rxa1 {[%emt 0:00:04]} Rxa1+ {[%emt 0:00:04]} 33. Kh2 {[%emt 0:00:05]} Kg7 {[%emt 0:00:04]} 34. Kg3 {[%emt 0:00:36]} Kf6 {[%emt 0:03:22]} 35. Rb5 {[%emt 0:00:04]} Ra4 {[%emt 0:00:27]} 36. Kf3 {[%emt 0:00:34]} Kg5 {[%emt 0:00:38]} 37. g3 {[%emt 0:01:32]} 1/2-1/2